ბათუმის შოთა რუსთაველის სახელმწიფო უნივერსიტეტის ბიბლიოთეკა

Психология стреса / (ბიბ.ჩანაწერი № 36324)

000 -LEADER
fixed length control field 00755nam a2200229Ia 4500
001 - CONTROL NUMBER
control field 2232
003 - CONTROL NUMBER IDENTIFIER
control field GE_BSU
005 - DATE AND TIME OF LATEST TRANSACTION
control field 20221021123034.0
008 - FIXED-LENGTH DATA ELEMENTS--GENERAL INFORMATION
fixed length control field 181216s1983ru xx |||||||||||||| ||rus||
040 ## - CATALOGING SOURCE
Transcribing agency GE_BSU
041 ## - LANGUAGE CODE
Language code of text/sound track or separate title rus
080 ## - UNIVERSAL DECIMAL CLASSIFICATION NUMBER
Universal Decimal Classification number 159.91 К-45
100 ## - MAIN ENTRY--PERSONAL NAME
Personal name Китаев-Смык,Л.А.
9 (RLIN) 15438
245 ## - TITLE STATEMENT
Title Психология стреса /
Statement of responsibility, etc. Л.А. Китаев-Смык, ред.В.А.Попов
264 ## - PRODUCTION, PUBLICATION, DISTRIBUTION, MANUFACTURE, AND COPYRIGHT NOTICE
Place of production, publication, distribution, manufacture Москва :
Name of producer, publisher, distributor, manufacturer Наука,
Date of production, publication, distribution, manufacture, or copyright notice 1983.
300 ## - PHYSICAL DESCRIPTION
Extent 368 с.:
Other physical details 19 см.
653 ## - INDEX TERM--UNCONTROLLED
keyword Психология стреса.
653 ## - INDEX TERM--UNCONTROLLED
keyword ფსიქოლოგია
700 ## - ADDED ENTRY--PERSONAL NAME
Personal name Попов, В.А.
Relator term რედაქტორი
9 (RLIN) 15439
710 ## - ADDED ENTRY--CORPORATE NAME
Corporate name or jurisdiction name as entry element Анссср Ин-ут психологии.
9 (RLIN) 15440
942 ## - ADDED ENTRY ELEMENTS (KOHA)
Koha item type წიგნი
Source of classification or shelving scheme
ეგზემპლარები
Withdrawn status Lost status Source of classification or shelving scheme Damaged status Not for loan Permanent Location Current Location Shelving location Date acquired Cost, normal purchase price Full call number Barcode Date last seen Copy number Price effective from Koha item type Public note
          ბათუმის შოთა რუსთაველის სახელმწიფო უნივერსიტეტის მთავარი ბიბლიოთეკა ბათუმის შოთა რუსთაველის სახელმწიფო უნივერსიტეტის მთავარი ბიბლიოთეკა წიგნსაცავი 2018-12-17 15.00 159.91 К-45 4353 2018-12-17 4353 2018-12-17 წიგნი 15.00